Tilastot visalle Maailman valtioiden muodot

Klikkaa tästä pelataksesi tätä visaa!

Yleistilastot

  • Tätä visaa on pelattu 42 kertaa
  • Keskiarvotulos 125 / 196

Vastaustilastot

Vastaus% Oikein
Intia
92%
Iran
92%
italia
92%
kiina
92%
kroatia
92%
norja
92%
ruotsi
92%
saksa
92%
Suomi
92%
argentiina
85%
australia
85%
chile
85%
egypti
85%
espanja
85%
Indonesia
85%
irlanti
85%
islanti
85%
itävalta
85%
japani
85%
Kanada
85%
kreikka
85%
madagaskar
85%
meksiko
85%
Moldova
85%
monaco
85%
mongolia
85%
portugali
85%
Puola
85%
ranska
85%
romania
85%
Serbia
85%
Tanska
85%
thaimaa
85%
turkki
85%
Ukraina
85%
Venäjä
85%
Yhdysvallat
85%
albania
77%
Algeria
77%
bangladesh
77%
benin
77%
Bosnia ja Hertsegovina
77%
brasilia
77%
eteläafrikka
77%
etiopia
77%
Gambia
77%
iso-britannia
77%
israel
77%
jemen
77%
Kazakstan
77%
Kuuba
77%
Kypros
77%
laos
77%
Libya
77%
Malediivit
77%
mali
77%
marokko
77%
mauritania
77%
myanmar
77%
namibia
77%
nepal
77%
niger
77%
pakistan
77%
Panama
77%
Pohjois-Korea
77%
pohjois-makedonia
77%
saudi-arabia
77%
senegal
77%
somalia
77%
sri lanka
77%
sveitsi
77%
tsad
77%
Unkari
77%
vatikaani
77%
vietnam
77%
Viro
77%
afganistan
69%
alankomaat
69%
angola
69%
burkina faso
69%
eritrea
69%
haiti
69%
Irak
69%
jordania
69%
Kongon demokraattinen tasavalta
69%
kosovo
69%
latvia
69%
liettua
69%
Malawi
69%
malesia
69%
malta
69%
Mosambik
69%
norsunluurannikko
69%
oman
69%
päiväntasaajan guinea
69%
Papua-Uusi-Guinea
69%
Peru
69%
Singapore
69%
sudan
69%
togo
69%
Tunisia
69%
turkmenistan
69%
Uusiseelanti
69%
valko-venäjä
69%
venezuela
69%
arabiemiraatit
62%
Belgia
62%
etelä-korea
62%
filippiinit
62%
gabon
62%
Georgia
62%
ghana
62%
itä-timor
62%
kenia
62%
kirgisia
62%
kongon tasavalta
62%
montenegro
62%
nauru
62%
nicaragua
62%
qatar
62%
slovakia
62%
syyria
62%
Tadzikistan
62%
tansania
62%
Tsekki
62%
uzbekistan
62%
Azerbaizan
54%
belize
54%
bulgaria
54%
Costa-rica
54%
Ecuador
54%
guyana
54%
Jamaika
54%
kamerun
54%
kuwait
54%
liberia
54%
liechtenstein
54%
nigeria
54%
Saint kitts ja Nevis
54%
saintlucia
54%
sambia
54%
slovenia
54%
trinidad ja tobago
54%
armenia
46%
Bahama
46%
Bahrain
46%
Bolivia
46%
botswana
46%
dominikaaninen tasavalta
46%
El salvador
46%
etelä sudan
46%
guatemala
46%
guinea
46%
honduras
46%
Kap Verde
46%
keskiafrikka
46%
kolumbia
46%
komorit
46%
lesotho
46%
libanon
46%
Luxemburg
46%
marshallinsaaret
46%
mikronesia
46%
paraguay
46%
salomonsaaret
46%
samoa
46%
sierra-leone
46%
zimbabwe
46%
andorra
38%
Barbados
38%
bhutan
38%
bolivia
38%
brunei
38%
Burundi
38%
djibouti
38%
fidzi
38%
grenada
38%
Guinea-bissau
38%
Kambodza
38%
kiribati
38%
mauritius
38%
ruanda
38%
san marino
38%
sao tome ja principe
38%
Uganda
38%
uruguay
38%
Antigua ja Barbuda
31%
dominika
31%
Palau
31%
saintvincent
31%
suriname
31%
Swazimaa
31%
vanuatu
31%
Sheyshellit
23%
tonga
23%
tuvalu
23%

Tulosjakauma

Persentiili vastausten määrän mukaan

Jokaisen tuloksen saaneiden osuus

Tuloshistoriasi

Et ole pelannut tätä visaa